000 01077nam0a2200313 4500
001 RU\NLR\BIBL_A\022557103
005 20260420045342.0
010 _a978-5-04-211395-6
_95000
021 _aRU
_bКН-П-25-020187
_9КН-П-25-2043
035 _a(NLR Aleph) 022557103
090 _a13674235
_c13674235
100 _a20250603d2025 u y0rusy50 ca
101 1 _arus
_cund
102 _aRU
105 _ay z 000ay
181 0 _ai
_baxxe
182 0 _an
200 1 _aЭпоха сверхновой
_fЛю Цысинь
_gперевод С. Саксина
203 _aТекст
_bвизуальный
_cнепосредственный
210 _aМосква
_cЭксмо, Fanzon
_d2025
215 _a477, [1] с.
_d22
320 _aДругие кн. авт. на клапане 4-й с. обл.
333 _a16+
686 1 _aШ6(5Кит)67-445{Лх2179-62}
700 0 _7ca
_8rus
_aЛю Цысинь
_f1963-
_9184016
_3RU\NLR\AUTH\770184067
942 _cBOOK
980 _aNB